00472 2200181 4500001002100000005001500021035002000036245004100056100001300097250001700110300002800127260003900155082001100194084001700205020002200222650001500244500003100259INLIS00000000000056720240821100925 a0010-08240000851 aMemelihara Ikan dan Ayam /cSuparman0 aSuparman acetakan ke-1 a60 hlm :bIlus ;c22 cm aJakarta :bAzka Mulia Media,c2006 a636.08 a636.08 SUP m a978-979-1211-24-8 4aPeternakan aSeri Keterampilan Beternak